<?xml version="1.0" encoding="UTF-8"?>
<record
    xmlns:xsi="http://www.w3.org/2001/XMLSchema-instance"
    xsi:schemaLocation="http://www.loc.gov/MARC21/slim http://www.loc.gov/standards/marcxml/schema/MARC21slim.xsd"
    xmlns="http://www.loc.gov/MARC21/slim">

  <leader>01372nam a22002897a 4500</leader>
  <controlfield tag="003">OSt</controlfield>
  <controlfield tag="005">20240209173313.0</controlfield>
  <controlfield tag="008">240209b        |||||||| |||| 00| 0 eng d</controlfield>
  <datafield tag="022" ind1=" " ind2=" ">
    <subfield code="a">2711-0966</subfield>
  </datafield>
  <datafield tag="037" ind1=" " ind2=" ">
    <subfield code="b">Donaci&#xF3;n</subfield>
  </datafield>
  <datafield tag="040" ind1=" " ind2=" ">
    <subfield code="a">CO-JMCR</subfield>
    <subfield code="c">CO-JMCR</subfield>
    <subfield code="d">CO-JMCR</subfield>
    <subfield code="e">rda</subfield>
    <subfield code="b">spa</subfield>
  </datafield>
  <datafield tag="041" ind1=" " ind2=" ">
    <subfield code="a">spa</subfield>
  </datafield>
  <datafield tag="082" ind1=" " ind2=" ">
    <subfield code="2">23</subfield>
    <subfield code="a">330.95</subfield>
    <subfield code="b">B45g</subfield>
  </datafield>
  <datafield tag="130" ind1=" " ind2=" ">
    <subfield code="a">Revista (Grandes de Colombia)</subfield>
    <subfield code="9">43342</subfield>
  </datafield>
  <datafield tag="245" ind1=" " ind2=" ">
    <subfield code="a">Grandes de Colombia :</subfield>
    <subfield code="b">Transparencia y competitividad nacional / </subfield>
    <subfield code="c">Director Tatiana Grande</subfield>
  </datafield>
  <datafield tag="260" ind1=" " ind2=" ">
    <subfield code="a">Bogot&#xE1;:</subfield>
    <subfield code="b">Legis, </subfield>
    <subfield code="c">2019</subfield>
  </datafield>
  <datafield tag="300" ind1=" " ind2=" ">
    <subfield code="a">64 p&#xE1;ginas: </subfield>
    <subfield code="b">ilustraciones a color; </subfield>
    <subfield code="c">27 cm. </subfield>
  </datafield>
  <datafield tag="310" ind1=" " ind2=" ">
    <subfield code="a">Bimestral </subfield>
  </datafield>
  <datafield tag="490" ind1=" " ind2=" ">
    <subfield code="a">Grandes de Colombia </subfield>
  </datafield>
  <datafield tag="500" ind1=" " ind2=" ">
    <subfield code="a">Publicaci&#xF3;n doble cara</subfield>
  </datafield>
  <datafield tag="505" ind1=" " ind2=" ">
    <subfield code="a">Le cumple al pa&#xED;s --  Transparencia y competitividad nacional -- Grandes avances de la sociedad portuaria de Buenaventura -- Entrevista a Saul Pineda -- Infraestructura de v&#xED;as 4G avanza en la costa Caribe -- Perspectiva y retos del gremio hortofrut&#xED;cola  Programa empresario digital - Min Tic -- Nueva normativa de calidad para la educaci&#xF3;n superior -- Regi&#xF3;n Orinoquia unida por el medio ambiente </subfield>
  </datafield>
  <datafield tag="650" ind1=" " ind2=" ">
    <subfield code="2">JMCR </subfield>
    <subfield code="a">Transparencia y competitividad </subfield>
    <subfield code="z">Colombia </subfield>
    <subfield code="9">43343</subfield>
  </datafield>
  <datafield tag="650" ind1=" " ind2=" ">
    <subfield code="2">JMCR</subfield>
    <subfield code="a">Grandes Lideres </subfield>
    <subfield code="v">Revista</subfield>
    <subfield code="9">43344</subfield>
  </datafield>
  <datafield tag="650" ind1=" " ind2=" ">
    <subfield code="2">JMCR</subfield>
    <subfield code="a">Desarrollo economico </subfield>
    <subfield code="x">Lideres</subfield>
    <subfield code="z">Colombia</subfield>
    <subfield code="9">43345</subfield>
  </datafield>
  <datafield tag="700" ind1=" " ind2=" ">
    <subfield code="a">Grande, Tatiana </subfield>
    <subfield code="e">Directora</subfield>
    <subfield code="9">43346</subfield>
  </datafield>
  <datafield tag="942" ind1=" " ind2=" ">
    <subfield code="2">ddc</subfield>
    <subfield code="c">CR</subfield>
  </datafield>
  <datafield tag="999" ind1=" " ind2=" ">
    <subfield code="c">30550</subfield>
    <subfield code="d">16934</subfield>
  </datafield>
  <datafield tag="952" ind1=" " ind2=" ">
    <subfield code="0">0</subfield>
    <subfield code="1">0</subfield>
    <subfield code="2">ddc</subfield>
    <subfield code="4">0</subfield>
    <subfield code="7">0</subfield>
    <subfield code="8">NFIC</subfield>
    <subfield code="a">CPL</subfield>
    <subfield code="b">CPL</subfield>
    <subfield code="c">NEW</subfield>
    <subfield code="d">2024-01-31</subfield>
    <subfield code="e">Donaci&#xF3;n </subfield>
    <subfield code="l">0</subfield>
    <subfield code="o">330.95 B45g</subfield>
    <subfield code="p">201812245</subfield>
    <subfield code="r">2024-02-09 00:00:00</subfield>
    <subfield code="t">Ej. 1</subfield>
    <subfield code="w">2024-02-09</subfield>
    <subfield code="y">CR</subfield>
    <subfield code="z">Hemeroteca </subfield>
  </datafield>
</record>
